000 00543nam a2200217Ia 4500
003 OSt
005 20220924134301.0
006 a|||||r|||| 00| 0
007 ta
008 220923b |||||||| |||| 00| 0 snd d
024 _a273153
037 _cTextual
040 _aARTS
_cARTS
_bsnd
041 _2snd
_asnd
082 _aO1593,3NMA,RP, K5
100 _aTekchand Masst
_9208304
245 0 _aRangeen Pardha
260 _c1965
942 _hO1593,3NMA,RP, K5
_cTEXL
_2CC
999 _c436864
_d436864